Statistics for Disney Roller Coasters

Click here to take the quiz!

General Stats

  • This quiz has been taken 47 times
  • The average score is 4 of 7

Answer Stats

HintAnswer% Correct
Mission from StarportSpace Mountain
81%
Andys ComingSlinky Dog Dash
69%
To the MineSeven Dwarfs MineTrain
62%
Wildest Ride in The WILDERNESS!Big Thunder Mountain Railroad
50%
Goofys crazyThe Barnstormer
45%
Rock outRockn Rollercoaster starring Aerosmith
40%
YetiExpedition Everest:Legend of The Forbidden Mountain
17%

Score Distribution

Percentile by Number Answered

Percent of People with Each Score

Your Score History

You have not taken this quiz